Регионална библиотека "Любен Каравелов" - Русе

Румцайс и Манка (Запис номер 17622)

MARC детайли
000 -Лидер
Контролно поле с фиксирана дължина 01233nam a2200313 c 4500
003 - Код на организацията, давaща контролен номер
Контролно поле BLK
005 - Дата и час на последна редакция
Контролно поле 20190822113141.0
008 - Елементи от данни с фиксирана дължина
fixed length control field 180413b bul|||||r ||||||| ||bul||
010 ## - Наследен системен номер
LC control number KNG00019582000
020 ## - Международен стандартен номер на книга ISBN
Международен стандартен номер на книга ISBN 954-527-070-5
-- издат.: Дамян Яков
040 ## - Източник на каталожния запис
Идентификатор на билиотеката - собственик на записа BLK
041 ## - Код за език
Код за езика на текст/звукозапис или на отделно заглавие Български
Код за езика КДБФ Български
080 ## - УДК
Текстов определител УДК Чешка литература
УДК код - определител по УДК 821.162.3
УДК определител -93-34
УДК - код + определител 821.162.3-93-34
100 1# - Редна дума - Автор
Автор Чтвъртек, Вацлав
Авторска отговорност първи автор
R(LIN) 142290
139 ## - Редно поле
Редна дума Чтвъртек, Вацлав
Авторски знак Чор - Ч 92
245 10 - Сведения за заглавието
Заглавие Румцайс и Манка
Подзаглавни данни [Приказки за деца]
Редно поле (дума) Вацлав Чтвъртек; прев. от чеш. Вътьо Драганов Раковски; ил. Рада Дамянова Якова.
257 ## - Страна на издаване
Страна на създаване/издаване Чехословакия
260 ## - Област на издателските данни
-- София
Име на издателя, разпространителя и проч. Дамян Яков
Година на издаване 1997
300 ## - Физическа характеристика
Страници 144 с.
Илюстрации и др. с ил.
Размери/Мащаб 22 см
380 ## - Жанр
Жанр Детска худож. лит.
500 ## - Общи забележки
Забележка Ориг. загл. Manka / Vaclav Ctvrtek. - 2 000 тир.
700 1# - Други автори (авторска отговорност)
Лично име Раковски, Вътьо Драганов
Автороска отговорност (Описва отношението между автора и произведението) прев. от чеш.
9 (RLIN) 365171
700 1# - Други автори (авторска отговорност)
Лично име Якова, Рада Дамянова
Автороска отговорност (Описва отношението между автора и произведението) ил.
9 (RLIN) 262171
852 ## - Местоположение
Форматна сигнатура Цб 194970
856 4# - Електронен адрес и достъп
Електронен формат pdf - файл
Път до файла /url/
856 4# - Електронен адрес и достъп
Електронен формат pdf - файл
Път до файла /url/
942 ## - АРТИКУЛИ
Вид на библиотечния материал Книги
Скрит в OPAC Не
Koha issues (borrowed), all copies 2
944 ## - СЪЗДАВАНЕ И РЕДАКЦИЯ на ЗАПИСА
Създаване/Редакция Създаване
Дата на регистрацията/редакция 15.01.2003
Служител, извършил регистрацията/редакцията AB_DOS
944 ## - СЪЗДАВАНЕ И РЕДАКЦИЯ на ЗАПИСА
Създаване/Редакция Редакция
Дата на регистрацията/редакция 15.01.2003
Служител, извършил регистрацията/редакцията
999 ## - СИСТЕМНИ КОНТРОЛНИ НОМЕРА
Koha biblionumber 17622
Koha biblioitemnumber 17622
Наличности
Код за отписване Код за изгубен артикул Източник на класификационната схема Код за повреда Коз за рестрикции Код за отдаване Артикулен № Име на библиотеката - собственик Име на библиотеката, в която се намира в момента Статус (Текущо местоположение) Дата на вписване в системата Местоположение - отдел Цена в лева Инвентарен номер Систематично азбучна сигнатура Баркод Номер на екземпляра Цена в евро Служебен тип на артикула Служебна бележка
  Не е изгубен Universal Decimal Classification Не е повреден без рестрикции ползва се в читалня 29689 Регионална библиотека "Любен Каравелов" Русе Регионална библиотека "Любен Каравелов" Русе Хранилище 2001-01-01 Хранилище 0.00 637081 Цб 194970 120000637081 1 0.00 Книги  
Изтеглен Не е изгубен Universal Decimal Classification Не е повреден без рестрикции заемане за дома 29690 Регионална библиотека "Любен Каравелов" Русе Регионална библиотека "Любен Каравелов" Русе Детски отдел 2001-01-01 Детски отдел 1.80 637319 ДХ 820/899/Ч 92 637319 2 0.92 Книги Дата инв: 14.08.2015 Бележки инв: Д2015
  Не е изгубен Universal Decimal Classification Не е повреден без рестрикции заемане за дома 29691 Регионална библиотека "Любен Каравелов" Русе Регионална библиотека "Любен Каравелов" Русе Детски отдел 2001-01-01 Детски отдел 1.80 637320 ДХ 820/899/Ч 92 120000637320 3 0.92 Книги Дата инв: 14.08.2015 Бележки инв: Д2015
Изтеглен Не е изгубен Universal Decimal Classification Не е повреден без рестрикции заемане за дома 29692 Регионална библиотека "Любен Каравелов" Русе Регионална библиотека "Любен Каравелов" Русе Детски отдел 2002-10-28 Детски отдел 2.00 120000673108 ДХ 820/899/Ч 92 120000673108 4 1.02 Книги Дост: DA Вид: А N: 44 Дата: 28.10.2002 Дата инв: 14.08.2015 Бележки инв: Д2015
Vip Innovations Ltd, Rousse, Bulgaria 2025